00811nam a22002177a 4500999001900000005001700019010001500036020001100051035001400062037001300076082001100089100001900100245007300119260004000192270014200232300003100374700002300405700001700428942002500445952012300470 c194901d19490120230127170121.0 aENG-136064 c300.00 aEN-119596 bDBAD/PUB00a615.38 aKulkarni, P.H. aAyurveda Jidnyasa/cP.H. Kulkarni, Kavita Indapurkar and Atul Rakshe aPunebDeerghayu Internationalc2010 a36, Kothrud Gaothan, Near Mhatoba Mandir, Bodhi Vruksha, Navgraha Hanuman Mandir, Kothrudbpunee411038mdeerghayuinternational@gmail.com a119p.bEpiloguec18cm(pbk) aIndapurkar, Kavita aRakshe, Atul 2ddccENmKULh615.38 001040708NFICaRKPbRKPd2023-01-27eDBAD/PUBg300.00l0o615.38 KULpEN-119596r2023-01-27 00:00:00t1v300.00yEN